Statistiques concernant Prénoms de stars célèbres - Série 17

Cliquez ici pour prendre le quiz!

Statistiques générales

  • Ce quiz a été pris 105 fois
  • Le résultat moyen est 7 sur 10

Statistiques - réponses

Nom Prénom % Correct
DeneuveCatherine
100%
CotillardMarion
99%
MarceauSophie
97%
CastaLaetitia
80%
MoreauJeanne
79%
GirardotAnnie
79%
BonnaireSandrine
66%
DarrieuxDanielle
49%
FlonSuzanne
29%
DubostPaulette
12%

Distribution des résultats

Percentile par nombre de réponses

% des personnes avec chaque résultat

Votre développement - résultats

Vous n’avez pas pris ce quiz